[Event "Perényi Évadnyitó Open"]
[Site "Budapest"]
[Date "2017.01.10"]
[Round "5.9"]
[White "Ongut, Tamas Gunes"]
[Black "Nadassy, Attila"]
[Result "1/2-1/2"]
[WhiteElo "2112"]
[BlackElo "2007"]
[PlyCount "95"]
[EventDate "2017.01.05"]
[EventType "swiss"]
[EventRounds "9"]
[EventCountry "HUN"]

1. e4 d5 2. exd5 Qxd5 3. Nc3 Qd6 4. d4 Nf6 5. Nf3 Bg4 6. h3 Bh5 7. g4 Bg6 8.
Ne5 Nbd7 9. Nxg6 hxg6 10. Bg2 c6 11. Be3 e6 12. Qd3 Qc7 13. O-O-O Bb4 14. Qc4
Bxc3 15. Qxc3 Nd5 16. Bxd5 exd5 17. Qa3 f6 18. Rde1 Kf7 19. Bd2 Nb6 20. b3 Nc8
21. Re2 a5 22. Rhe1 Ra7 23. g5 b6 24. gxf6 gxf6 25. Re6 Qd7 26. R6e3 Rxh3 27.
b4 Rh8 28. bxa5 bxa5 29. Rf3 Nd6 30. Bg5 Nf5 31. Bd2 Nxd4 32. Rxf6+ Kxf6 33.
Bc3 Rh4 34. Qf8+ Qf7 35. Qc5 Re7 36. Bxd4+ Rxd4 37. Qxd4+ Kg5 38. Rg1+ Kf5 39.
Qg4+ Ke5 40. Qg3+ Qf4+ 41. Qxf4+ Kxf4 42. Rxg6 Rc7 43. Kd2 a4 44. Kc3 c5 45.
Ra6 Kf3 46. Rxa4 Kxf2 47. Ra5 Ke3 48. Rb5 1/2-1/2

[Event "Perényi Évadnyitó Open"]
[Site "Budapest"]
[Date "2017.01.10"]
[Round "5.10"]
[White "Geher, Koppany"]
[Black "Kovacs, Gabor Etele"]
[Result "0-1"]
[WhiteElo "2013"]
[BlackElo "2066"]
[PlyCount "74"]
[EventDate "2017.01.05"]
[EventType "swiss"]
[EventRounds "9"]
[EventCountry "HUN"]

1. e4 Nf6 2. e5 Nd5 3. d4 d6 4. Nf3 Nb6 5. c4 g6 6. Nc3 Bg7 7. exd6 cxd6 8. h3
O-O 9. Be3 Bf5 10. Rc1 Nc6 11. b3 h5 12. Be2 d5 13. c5 Nc8 14. b4 a6 15. Qb3
Be4 16. O-O Bxf3 17. Bxf3 e6 18. Rfd1 N8e7 19. g4 hxg4 20. hxg4 f5 21. Ne2 fxg4
22. Bxg4 Nf5 23. Bxf5 gxf5 24. Bf4 Qh4 25. Rc3 Rae8 26. Rg3 Qh5 27. Qe3 Kf7 28.
Rg5 Qh7 29. Kg2 Rh8 30. Ng3 Qh3+ 31. Kf3 Bf6 32. Rh1 Nxd4+ 33. Qxd4 Qxh1+ 34.
Nxh1 Bxd4 35. Ng3 Bf6 36. Rh5 Rxh5 37. Nxh5 e5 0-1

[Event "Perényi Évadnyitó Open"]
[Site "Budapest"]
[Date "2017.01.11"]
[Round "6.1"]
[White "Aczel, Gergely"]
[Black "Farago, Sandor"]
[Result "1-0"]
[WhiteElo "2548"]
[BlackElo "2275"]
[PlyCount "89"]
[EventDate "2017.01.05"]
[EventType "swiss"]
[EventRounds "9"]
[EventCountry "HUN"]

1. d4 c5 2. d5 e6 3. c4 Nf6 4. Nc3 exd5 5. cxd5 a6 6. e4 d6 7. a4 g6 8. Bd3 Bg7
9. h3 Nbd7 10. Nf3 O-O 11. O-O Ne8 12. Bf4 Qe7 13. a5 Rb8 14. Qd2 b5 15. axb6
Rxb6 16. Rfe1 Ne5 17. Nxe5 Bxe5 18. Re2 Nc7 19. Bg5 Qd7 20. Be3 Rb4 21. Rb1 Nb5
22. Na2 Ra4 23. b3 Rxa2 24. Qxa2 Nc3 25. Qc2 Qd8 26. b4 cxb4 27. Rxb4 Qa5 28.
Rb8 Qa1+ 29. Qc1 Nxe2+ 30. Bxe2 Qxc1+ 31. Bxc1 a5 32. Bh6 Bg7 33. Bf4 Bd7 34.
Rb7 Rd8 35. Bxd6 Bc8 36. Rb8 Rxd6 37. Rxc8+ Bf8 38. Bc4 a4 39. e5 Rb6 40. d6
Rb1+ 41. Kh2 Rd1 42. e6 fxe6 43. d7 Rxd7 44. Bxe6+ Rf7 45. Ra8 1-0

[Event "Perényi Évadnyitó Open"]
[Site "Budapest"]
[Date "2017.01.11"]
[Round "6.2"]
[White "Zentai, Peter"]
[Black "Balint, Vilmos"]
[Result "0-1"]
[WhiteElo "2273"]
[BlackElo "2311"]
[PlyCount "78"]
[EventDate "2017.01.05"]
[EventType "swiss"]
[EventRounds "9"]
[EventCountry "HUN"]

1. d4 Nf6 2. c4 e6 3. Nc3 Bb4 4. Qc2 b6 5. e4 Bb7 6. Bd3 c5 7. d5 b5 8. Bg5
bxc4 9. Bxc4 h6 10. Bxf6 Qxf6 11. Nge2 O-O 12. O-O Na6 13. Qa4 Bxc3 14. Nxc3
exd5 15. Nxd5 Bxd5 16. Bxd5 Rab8 17. b3 Rfd8 18. Rac1 Rb4 19. Qa5 Qb6 20. Qxb6
Rxb6 21. e5 d6 22. exd6 Rbxd6 23. Bc4 Nb4 24. a3 Nc6 25. Rfe1 Kf8 26. g3 Nd4
27. Kg2 Rb6 28. Rc3 Nc6 29. Rf3 f6 30. Rf5 Rb7 31. Rxc5 Ne5 32. b4 g5 33. Rc1
Rd2 34. Ba6 Rbd7 35. R1c2 Ng4 36. Kf3 Nxh2+ 37. Ke4 R2d6 38. Rc8+ Kg7 39. R8c6
Re7+ 0-1

[Event "Perényi Évadnyitó Open"]
[Site "Budapest"]
[Date "2017.01.11"]
[Round "6.3"]
[White "Nemeth, Zoltan"]
[Black "Piroska, Istvan"]
[Result "1/2-1/2"]
[WhiteElo "2284"]
[BlackElo "2153"]
[PlyCount "38"]
[EventDate "2017.01.05"]
[EventType "swiss"]
[EventRounds "9"]
[EventCountry "HUN"]

1. c4 e6 2. Nf3 d5 3. e3 Nf6 4. d4 Be7 5. Nbd2 O-O 6. Qc2 Nbd7 7. Bd3 c5 8. O-O
h6 9. b3 b6 10. Bb2 Bb7 11. Rad1 Rc8 12. Qb1 Qc7 13. Rfe1 Rfd8 14. cxd5 Nxd5
15. Bf1 cxd4 16. Rc1 Qb8 17. Bxd4 Bf6 18. Rxc8 Rxc8 19. e4 Nc3 1/2-1/2

[Event "Perényi Évadnyitó Open"]
[Site "Budapest"]
[Date "2017.01.11"]
[Round "6.4"]
[White "Koczo, Kristof"]
[Black "Joo, Janos"]
[Result "1-0"]
[WhiteElo "2239"]
[BlackElo "2059"]
[PlyCount "59"]
[EventDate "2017.01.05"]
[EventType "swiss"]
[EventRounds "9"]
[EventCountry "HUN"]

1. d4 Nf6 2. c4 c5 3. d5 b5 4. Nd2 Qa5 5. Qc2 g6 6. e4 d6 7. cxb5 Bg7 8. Ngf3
O-O 9. Be2 a6 10. bxa6 Bxa6 11. Bxa6 Nxa6 12. a3 Nb4 13. Qc4 Qa6 14. Qxa6 Rxa6
15. Ke2 Rb8 16. Ne1 e6 17. dxe6 fxe6 18. e5 Nfd5 19. exd6 Nf4+ 20. Kf1 Nfd3 21.
axb4 Rxa1 22. Nxd3 Bxb2 23. Nb3 Rb1 24. Nxb2 c4 25. Nxc4 Rxb3 26. Na5 Rd3 27.
Nc6 Rb6 28. Ke2 Rxd6 29. Ne7+ Kf7 30. Nc8 1-0

[Event "Perényi Évadnyitó Open"]
[Site "Budapest"]
[Date "2017.01.11"]
[Round "6.5"]
[White "Havanecz, Bianka"]
[Black "Kovacs, Gabor Etele"]
[Result "1-0"]
[WhiteElo "2209"]
[BlackElo "2066"]
[PlyCount "117"]
[EventDate "2017.01.05"]
[EventType "swiss"]
[EventRounds "9"]
[EventCountry "HUN"]

1. d4 d5 2. c4 e6 3. Nf3 c6 4. Nbd2 Nf6 5. g3 Be7 6. Bg2 O-O 7. O-O Nbd7 8. Qc2
b6 9. e4 Bb7 10. e5 Ne8 11. Rd1 Rc8 12. cxd5 cxd5 13. Qd3 Nc7 14. Nf1 Ba6 15.
Qb1 Nb8 16. h4 Nc6 17. Ng5 Bxg5 18. Bxg5 Qd7 19. Rd2 Nb5 20. Qd1 h6 21. Be3 Qe7
22. Nh2 f5 23. exf6 Qxf6 24. Bf1 Nc7 25. Bxa6 Nxa6 26. Rc1 Qf7 27. Bf4 Na5 28.
b3 Qg6 29. Rxc8 Rxc8 30. Ng4 Nb4 31. h5 Qf5 32. Bxh6 Kh8 33. Ne3 Qf6 34. Bf4
Rc3 35. Be5 Qg5 36. Bf4 Qf6 37. h6 Nbc6 38. hxg7+ Kxg7 39. Rc2 Rxc2 40. Nxc2
Qg6 41. Qd2 Nb7 42. Qc3 Nbd8 43. a4 a5 44. Bc7 Qf7 45. Bxb6 Qf5 46. Ne3 Qf3 47.
Bxa5 Nxa5 48. Qxa5 Nf7 49. Qc7 Qe4 50. Qf4 Qb1+ 51. Kg2 Qxb3 52. Qg4+ Kf6 53.
a5 Qa3 54. Qh4+ Kg7 55. Ng4 Qxa5 56. Qf6+ Kg8 57. Qxe6 Kf8 58. Nf6 Qd8 59. Nxd5
1-0

[Event "Perényi Évadnyitó Open"]
[Site "Budapest"]
[Date "2017.01.11"]
[Round "6.6"]
[White "Varga, Klara"]
[Black "Mester, Attila"]
[Result "1-0"]
[WhiteElo "2251"]
[BlackElo "2084"]
[PlyCount "95"]
[EventDate "2017.01.05"]
[EventType "swiss"]
[EventRounds "9"]
[EventCountry "HUN"]

1. c4 e5 2. g3 Nf6 3. Bg2 h6 4. b3 Bc5 5. Bb2 O-O 6. e3 Re8 7. Ne2 d5 8. cxd5
Nxd5 9. O-O Bg4 10. h3 Bh5 11. a3 Nc6 12. b4 Bb6 13. g4 Bg6 14. b5 Na5 15. d4
e4 16. Nd2 Qd7 17. a4 Rac8 18. Ng3 Nf6 19. d5 Nxd5 20. Ndxe4 Rcd8 21. Qe2 Qe6
22. Rad1 c6 23. bxc6 Nxc6 24. Qc4 Ne5 25. Bxe5 Qxe5 26. Rxd5 Rxd5 27. Qxd5 Qxd5
28. Nf6+ gxf6 29. Bxd5 Bc2 30. Ra1 Re7 31. Ra2 Bg6 32. Kg2 Bc7 33. Ne2 Be4+ 34.
Bxe4 Rxe4 35. Nd4 Bb6 36. Nf5 Kh7 37. Kf3 Rc4 38. h4 Bc5 39. h5 b6 40. Rd2 Rxa4
41. Rd7 b5 42. Rxf7+ Kh8 43. Rxf6 b4 44. Rxh6+ Kg8 45. Rg6+ Kh8 46. Rc6 Ra5 47.
Rc8+ Kh7 48. g5 1-0

[Event "Perényi Évadnyitó Open"]
[Site "Budapest"]
[Date "2017.01.11"]
[Round "6.7"]
[White "Vereczkei, Laszlo"]
[Black "Szalanczy, Emil"]
[Result "0-1"]
[WhiteElo "2086"]
[BlackElo "2215"]
[PlyCount "88"]
[EventDate "2017.01.05"]
[EventType "swiss"]
[EventRounds "9"]
[EventCountry "HUN"]

1. e4 c5 2. Nf3 d6 3. d4 cxd4 4. Nxd4 Nf6 5. Nc3 g6 6. Be3 Bg7 7. f3 Nc6 8. Qd2
O-O 9. Bc4 Bd7 10. O-O-O Rc8 11. Bb3 Nxd4 12. Bxd4 b5 13. Bxa7 b4 14. Nd5 Nxd5
15. exd5 Qa5 16. Bd4 Ba4 17. Qe3 Rc5 18. Bxg7 Kxg7 19. Rd4 Rfc8 20. Rh4 h5 21.
Kb1 Bxb3 22. Qxb3 Rxc2 23. Rxb4 Rxg2 24. Rc4 Rxc4 25. Qxc4 Qa7 26. a4 h4 27.
Re1 h3 28. Qc3+ Kh7 29. Re4 g5 30. Qc8 Qg1+ 31. Ka2 Qxh2 32. Qf5+ Kg7 33. Ka3
Qg1 34. Rxe7 Qa1+ 35. Kb4 Qxb2+ 36. Ka5 Qf6 37. Qxf6+ Kxf6 38. Re1 h2 39. Rh1
Ke5 40. Kb6 Rb2+ 41. Kc6 Ra2 42. Kb5 f5 43. a5 g4 44. fxg4 fxg4 0-1

[Event "Perényi Évadnyitó Open"]
[Site "Budapest"]
[Date "2017.01.11"]
[Round "6.8"]
[White "Mezei, Csaba"]
[Black "Czegledi, Barna Jr"]
[Result "1/2-1/2"]
[WhiteElo "2073"]
[BlackElo "2161"]
[PlyCount "109"]
[EventDate "2017.01.05"]
[EventType "swiss"]
[EventRounds "9"]
[EventCountry "HUN"]

1. d4 Nf6 2. e3 g6 3. c3 Bg7 4. Bc4 d5 5. Bd3 O-O 6. a4 a5 7. b4 Nbd7 8. Ba3
Re8 9. f4 b6 10. Nd2 Bb7 11. b5 c5 12. Ngf3 Rc8 13. Rc1 Ne4 14. O-O Nd6 15. Ne5
Nf6 16. Qf3 Nfe4 17. Bxe4 dxe4 18. Qe2 Bd5 19. c4 Ba8 20. dxc5 bxc5 21. Nb3 f6
22. Ng4 Qb6 23. Rfd1 Rc7 24. Rd2 Bb7 25. Bb2 Bc8 26. Nf2 f5 27. Nd1 Be6 28.
Bxg7 Kxg7 29. Nb2 Rd7 30. Rcd1 Red8 31. Kf2 Qc7 32. Ke1 Nb7 33. Rxd7 Rxd7 34.
Rxd7 Qxd7 35. Qc2 Kg8 36. Qc3 Qc7 37. g3 Bf7 38. Kd2 Be8 39. Kc2 e6 40. Nd1 Qg7
41. Qe1 Qc7 42. h3 Kf8 43. g4 Bf7 44. Qc3 h5 45. g5 Ke8 46. h4 Kd8 47. Qh8+ Ke7
48. Kc3 Qd8 49. Qf6+ Ke8 50. Qxd8+ Kxd8 51. Nb2 Kc7 52. Nd1 Kb6 53. Nf2 Nd6 54.
Nd2 Be8 55. Nb3 1/2-1/2

[Event "Perényi Évadnyitó Open"]
[Site "Budapest"]
[Date "2017.01.11"]
[Round "6.9"]
[White "Nadassy, Attila"]
[Black "Torok, Tamas Titusz"]
[Result "0-1"]
[WhiteElo "2007"]
[BlackElo "2142"]
[PlyCount "94"]
[EventDate "2017.01.05"]
[EventType "swiss"]
[EventRounds "9"]
[EventCountry "HUN"]

1. d4 d5 2. Be3 c5 3. dxc5 e5 4. c3 a5 5. g3 h6 6. Bg2 Nf6 7. Na3 Na6 8. Nf3
Ng4 9. Nc2 Bf5 10. Bc1 Bxc5 11. e3 Qe7 12. O-O O-O 13. b3 Rfd8 14. Bb2 Rac8 15.
Re1 Nf6 16. Qe2 Qe6 17. Rac1 Bg4 18. Qb5 Bb6 19. Na3 Ne4 20. Nb1 Nc7 21. Qf1
Nc5 22. Nfd2 Qg6 23. e4 dxe4 24. Bxe4 f5 25. Bc2 e4 26. Nc4 Qf6 27. Nxb6 Qxb6
28. Ba3 N7e6 29. Bxc5 Qxc5 30. Bd1 Ng5 31. Bxg4 fxg4 32. Red1 e3 33. Qc4+ Qxc4
34. bxc4 Nh3+ 35. Kf1 Rf8 36. Rc2 Nxf2 37. Rd7 Ne4+ 38. Ke1 Rf3 39. Re7 Nd6 40.
Na3 Rcf8 41. Ke2 Rf2+ 42. Kd3 Nf5 43. Rxb7 Rd8+ 44. Ke4 Nd6+ 45. Kxe3 Rxc2 46.
Rxg7+ Kxg7 47. Nxc2 Nxc4+ 0-1

[Event "Perényi Évadnyitó Open"]
[Site "Budapest"]
[Date "2017.01.11"]
[Round "6.10"]
[White "Karacsonyi, Gellert"]
[Black "Ongut, Tamas Gunes"]
[Result "1/2-1/2"]
[WhiteElo "2057"]
[BlackElo "2112"]
[PlyCount "56"]
[EventDate "2017.01.05"]
[EventType "swiss"]
[EventRounds "9"]
[EventCountry "HUN"]

1. e4 e6 2. d4 d5 3. Nd2 c5 4. exd5 exd5 5. Ngf3 Nc6 6. dxc5 Bxc5 7. Bd3 Nf6 8.
O-O O-O 9. h3 h6 10. c3 Be6 11. Nb3 Bb6 12. Bc2 Qd7 13. Bf4 Rae8 14. Nbd4 Bc7
15. Bxc7 Qxc7 16. Nh4 Qf4 17. Nhf5 Bxf5 18. Nxf5 Ne4 19. Nd4 Ng5 20. Ne2 Qh4
21. Ng3 Ne5 22. Nf5 Qf4 23. Qxd5 Nef3+ 24. gxf3 Re5 25. Qxb7 Nxf3+ 26. Kg2 Rxf5
27. Bxf5 Nh4+ 28. Kg1 Nf3+ 1/2-1/2

[Event "Perényi Évadnyitó Open"]
[Site "Budapest"]
[Date "2017.01.12"]
[Round "7.1"]
[White "Piroska, Istvan"]
[Black "Aczel, Gergely"]
[Result "1/2-1/2"]
[WhiteElo "2153"]
[BlackElo "2548"]
[PlyCount "77"]
[EventDate "2017.01.05"]
[EventType "swiss"]
[EventRounds "9"]
[EventCountry "HUN"]

1. e4 c5 2. Nf3 e6 3. d4 cxd4 4. Nxd4 a6 5. Bd3 Bc5 6. Nb3 Be7 7. O-O Nc6 8.
Nc3 Nf6 9. f4 d6 10. Qf3 Qc7 11. a3 Rb8 12. Qg3 g6 13. Be3 h5 14. h3 h4 15. Qf2
Nh5 16. Bb6 Qd7 17. Rad1 O-O 18. Ne2 Bd8 19. Bxd8 Qxd8 20. f5 Ne5 21. f6 Nd7
22. Qxh4 Nhxf6 23. Qh6 Nh7 24. h4 Ne5 25. Rf4 Qb6+ 26. Kh1 Qe3 27. Nbd4 Ng4 28.
Qxf8+ Kxf8 29. Rxg4 Qh6 30. e5 dxe5 31. Nf3 Nf6 32. Rc4 Qe3 33. Ng5 Qf2 34. Ng1
Kg7 35. Rc7 Qxh4+ 36. N1h3 Bd7 37. Rf1 Rc8 38. Rxd7 Nxd7 39. Rxf7+ 1/2-1/2

[Event "Perényi Évadnyitó Open"]
[Site "Budapest"]
[Date "2017.01.12"]
[Round "7.2"]
[White "Balint, Vilmos"]
[Black "Havanecz, Bianka"]
[Result "0-1"]
[WhiteElo "2311"]
[BlackElo "2209"]
[PlyCount "78"]
[EventDate "2017.01.05"]
[EventType "swiss"]
[EventRounds "9"]
[EventCountry "HUN"]

1. e4 e5 2. Nf3 Nc6 3. Bc4 Bc5 4. d3 Nf6 5. O-O O-O 6. c3 d6 7. a4 a5 8. Na3 h6
9. Nc2 Ba7 10. Be3 Ne7 11. Bxa7 Rxa7 12. Ne3 c6 13. Bb3 Ng6 14. Qc2 Be6 15.
Bxe6 fxe6 16. d4 Nd7 17. dxe5 Rxf3 18. gxf3 Ndxe5 19. Qd1 Qf8 20. Kh1 Nxf3 21.
Ng2 Nge5 22. Qc1 Ra8 23. Qf4 Qe7 24. Ne1 Rf8 25. Qg3 Nd2 26. Nc2 Nxf1 27. Rxf1
Nf3 28. Rd1 d5 29. Ne3 Ng5 30. Ng4 Nxe4 31. Qg2 Qh4 32. f3 Ng5 33. Ne5 Qxa4 34.
Rf1 Rf5 35. Ng4 Qf4 36. h4 Nxf3 37. Rf2 Kh8 38. Qh3 Qe4 39. Qg2 Qe1+ 0-1

[Event "Perényi Évadnyitó Open"]
[Site "Budapest"]
[Date "2017.01.12"]
[Round "7.3"]
[White "Farago, Sandor"]
[Black "Nemeth, Zoltan"]
[Result "1-0"]
[WhiteElo "2275"]
[BlackElo "2284"]
[PlyCount "93"]
[EventDate "2017.01.05"]
[EventType "swiss"]
[EventRounds "9"]
[EventCountry "HUN"]

1. e4 e5 2. Nf3 Nf6 3. Nc3 Nc6 4. Bc4 Bc5 5. d3 h6 6. O-O d6 7. Nd5 Be6 8. c3
a6 9. d4 Ba7 10. Nxf6+ gxf6 11. d5 Na5 12. Be2 Bg4 13. b4 Bxf3 14. gxf3 f5 15.
Be3 Bxe3 16. fxe3 Qg5+ 17. Kh1 Qxe3 18. Qd3 Qxd3 19. Bxd3 fxe4 20. fxe4 Nc6 21.
dxc6 bxc6 22. Bc4 Rh7 23. Rf6 a5 24. b5 cxb5 25. Bxb5+ Ke7 26. Raf1 Rg8 27. Bc4
Rgg7 28. Bd5 h5 29. a4 h4 30. R6f3 Ke8 31. c4 Ke7 32. c5 dxc5 33. Rc3 Rh6 34.
Rxc5 Rb6 35. Rxc7+ Kd6 36. Rfc1 h3 37. R7c6+ Rxc6 38. Rxc6+ Kd7 39. Rh6 Ke7 40.
Rxh3 f5 41. exf5 Kf6 42. Be4 Rg4 43. Rh6+ Kf7 44. Bd5+ Ke7 45. f6+ Kd7 46. f7
Rf4 47. Rh8 1-0

[Event "Perényi Évadnyitó Open"]
[Site "Budapest"]
[Date "2017.01.12"]
[Round "7.4"]
[White "Szalanczy, Emil"]
[Black "Koczo, Kristof"]
[Result "1-0"]
[WhiteElo "2215"]
[BlackElo "2239"]
[PlyCount "119"]
[EventDate "2017.01.05"]
[EventType "swiss"]
[EventRounds "9"]
[EventCountry "HUN"]

1. e4 c6 2. d4 d5 3. e5 e6 4. Nh3 b6 5. Nc3 Ba6 6. Bxa6 Nxa6 7. O-O Ne7 8. Ne2
Nf5 9. c3 Nc7 10. Ng3 Nxg3 11. hxg3 h5 12. a4 a5 13. Bd2 Be7 14. b3 c5 15. Qe2
Qc8 16. Rfc1 Qa6 17. Qf3 c4 18. Rcb1 Rb8 19. Bg5 Bf8 20. Nf4 cxb3 21. Rxb3 Qc4
22. Rb2 g6 23. Bf6 Rh7 24. Nh3 b5 25. Ng5 Rh6 26. Qd1 Ra8 27. Qb1 Be7 28. axb5
Bxf6 29. exf6 a4 30. b6 Na6 31. Qc2 Nb8 32. Rb4 Qc6 33. Nf3 Nd7 34. b7 Rb8 35.
Qxa4 Qxa4 36. Raxa4 Nxf6 37. Ne5 Rh8 38. Nc6 Kd7 39. Nxb8+ Rxb8 40. Ra8 Kc7 41.
Rxb8 Kxb8 42. f3 Nd7 43. Kh2 g5 44. Kg1 Kc7 45. Kf2 Nb8 46. Rb1 Nd7 47. Ke3 Kb8
48. Kd3 f5 49. Re1 Nf8 50. Rh1 h4 51. gxh4 gxh4 52. Rb1 Ng6 53. Ke3 f4+ 54. Kf2
Nf8 55. Rb6 Nd7 56. Rxe6 Kxb7 57. Rh6 Nb6 58. Rxh4 Na4 59. Rxf4 Nxc3 60. Rf6
1-0

[Event "Perényi Évadnyitó Open"]
[Site "Budapest"]
[Date "2017.01.12"]
[Round "7.5"]
[White "Torok, Tamas Titusz"]
[Black "Zentai, Peter"]
[Result "0-1"]
[WhiteElo "2142"]
[BlackElo "2273"]
[PlyCount "112"]
[EventDate "2017.01.05"]
[EventType "swiss"]
[EventRounds "9"]
[EventCountry "HUN"]

1. e4 e5 2. Nf3 Nc6 3. Bc4 d6 4. d4 exd4 5. Nxd4 g6 6. O-O Bg7 7. Be3 Nf6 8. f3
O-O 9. Nc3 Ne5 10. Be2 a6 11. a4 c5 12. Nb3 Be6 13. Qc1 Nc6 14. Rd1 Qe7 15. Bf2
Rac8 16. Qd2 Rfd8 17. Bf1 Nb4 18. Re1 d5 19. e5 Nd7 20. f4 Nb6 21. Qc1 Bf5 22.
Re2 d4 23. Ne4 d3 24. cxd3 Nxd3 25. Qe3 Nc4 26. Qf3 Nxf2 27. Qxf2 Bxe4 28. Rxe4
Nd6 29. Ree1 Nf5 30. Red1 c4 31. Nd4 Nxd4 32. Rxd4 Bf8 33. Rxc4 Rxc4 34. Bxc4
Qb4 35. Qc2 Rd2 36. Qb3 Qc5+ 37. Kh1 Qc6 38. Bf1 Qe4 39. Qf3 Qxf3 40. gxf3 Rxb2
41. Rd1 Rb4 42. Rd7 Bh6 43. Bh3 Bxf4 44. e6 fxe6 45. Bxe6+ Kh8 46. h3 b6 47.
Rb7 Be3 48. Bd7 Kg7 49. Bc6+ Kh6 50. Ra7 Rc4 51. Bd7 Kg5 52. Rxa6 Rc2 53. Ra8
Kf4 54. Rc8 Rd2 55. Rc4+ Bd4 56. Rc1 Kg3 0-1

[Event "Perényi Évadnyitó Open"]
[Site "Budapest"]
[Date "2017.01.12"]
[Round "7.6"]
[White "Joo, Janos"]
[Black "Varga, Klara"]
[Result "1-0"]
[WhiteElo "2059"]
[BlackElo "2251"]
[PlyCount "61"]
[EventDate "2017.01.05"]
[EventType "swiss"]
[EventRounds "9"]
[EventCountry "HUN"]

1. c4 e5 2. g3 Nf6 3. Bg2 h6 4. Nc3 Bb4 5. Nf3 Nc6 6. Nd5 Bc5 7. O-O a5 8. Nxe5
Nxe5 9. d4 Bd6 10. dxe5 Bxe5 11. f4 Bd6 12. e4 Bc5+ 13. Be3 Bxe3+ 14. Nxe3 O-O
15. e5 Ne8 16. Qd4 d6 17. Rad1 Qe7 18. Nd5 Qe6 19. Rde1 c5 20. Qc3 dxe5 21.
fxe5 Rb8 22. Nf4 Qa6 23. Bd5 Nc7 24. e6 Bxe6 25. Nh5 f6 26. Rxe6 Nxe6 27. Re1
Rbe8 28. Nf4 Kh7 29. Nxe6 Rh8 30. Qd3+ g6 31. Qc3 1-0

[Event "Perényi Évadnyitó Open"]
[Site "Budapest"]
[Date "2017.01.12"]
[Round "7.7"]
[White "Kovacs, Judit"]
[Black "Ritter, Gabor Dr"]
[Result "1-0"]
[WhiteElo "2098"]
[BlackElo "2008"]
[PlyCount "57"]
[EventDate "2017.01.05"]
[EventType "swiss"]
[EventRounds "9"]
[EventCountry "HUN"]

1. Nf3 c5 2. c4 Nc6 3. g3 e5 4. Nc3 d6 5. Bg2 g6 6. O-O Bg7 7. a3 Nge7 8. b4
O-O 9. Rb1 Rb8 10. Ne1 Be6 11. d3 cxb4 12. axb4 d5 13. b5 Na5 14. cxd5 Nxd5 15.
Nxd5 Bxd5 16. Bxd5 Qxd5 17. Qa4 b6 18. Bd2 Rfc8 19. Nf3 Ra8 20. Bxa5 bxa5 21.
Nd2 Bf8 22. Ne4 Kg7 23. Qxa5 a6 24. Qb6 a5 25. Qf6+ Kh6 26. g4 Qe6 27. Qh4+ Kg7
28. Ng5 Qd7 29. Qxh7+ 1-0

[Event "Perényi Évadnyitó Open"]
[Site "Budapest"]
[Date "2017.01.12"]
[Round "7.8"]
[White "Czegledi, Barna Jr"]
[Black "Molnar, Jozsef"]
[Result "0-1"]
[WhiteElo "2161"]
[BlackElo "2066"]
[PlyCount "102"]
[EventDate "2017.01.05"]
[EventType "swiss"]
[EventRounds "9"]
[EventCountry "HUN"]

1. d4 Nf6 2. c4 g6 3. Nc3 d5 4. Nf3 Bg7 5. Bg5 Ne4 6. cxd5 Nxg5 7. Nxg5 e6 8.
Qd2 h6 9. Nf3 exd5 10. e3 c6 11. Be2 a5 12. O-O O-O 13. Na4 Nd7 14. Rfc1 Bf6
15. a3 Be7 16. Nc5 Nxc5 17. dxc5 a4 18. b4 axb3 19. Nd4 Bf6 20. Qb4 Re8 21. Bd3
Re5 22. Qxb3 Rh5 23. Be2 Rh4 24. Rd1 Qe7 25. Qb4 Bxd4 26. Rxd4 Rxd4 27. Qxd4
Ra5 28. Rc1 Rxa3 29. Bd3 Qg5 30. h4 Qg4 31. Bf1 Ra4 32. Qxg4 Bxg4 33. g3 Bf3
34. Bg2 Bxg2 35. Kxg2 Rb4 36. Rc2 Kg7 37. Kf3 Kf6 38. Ke2 Ke5 39. Kd3 g5 40.
hxg5 hxg5 41. f3 Rb3+ 42. Ke2 f5 43. Ra2 Rb5 44. Rc2 f4 45. exf4+ gxf4 46. g4
Kd4 47. g5 Ke5 48. Kd3 Rb3+ 49. Rc3 Rxc3+ 50. Kxc3 Kf5 51. Kd4 Kg6 0-1

[Event "Perényi Évadnyitó Open"]
[Site "Budapest"]
[Date "2017.01.12"]
[Round "7.9"]
[White "Ongut, Tamas Gunes"]
[Black "Bodrogi, Laszlo"]
[Result "0-1"]
[WhiteElo "2112"]
[BlackElo "1984"]
[PlyCount "84"]
[EventDate "2017.01.05"]
[EventType "swiss"]
[EventRounds "9"]
[EventCountry "HUN"]

1. e4 c5 2. Nf3 Nc6 3. d4 cxd4 4. Nxd4 Qc7 5. c4 Nf6 6. Nc3 Nxe4 7. Nxe4 Qe5 8.
Bd3 Nxd4 9. O-O e6 10. Re1 Qc7 11. Bd2 b6 12. Bc3 Nc6 13. Ng5 Qf4 14. Nh3 Qc7
15. Qh5 Bb7 16. Ng5 Nd8 17. Rac1 Rc8 18. Nxh7 Rg8 19. Ng5 Bc5 20. Be5 Bd6 21.
Qh7 Bxe5 22. Qxg8+ Ke7 23. g3 Bxb2 24. Rcd1 Qc5 25. Be4 Qxg5 26. Bxb7 Rxc4 27.
Bg2 Qc5 28. Qh7 Rc2 29. Qh4+ g5 30. Qe4 Qxf2+ 31. Kh1 f5 32. Qa8 Nc6 33. Rxd7+
Kxd7 34. Qb7+ Kd6 35. Rxe6+ Kxe6 36. Qc8+ Ke5 37. Qh8+ Kd6 38. Qf8+ Kd7 39.
Bxc6+ Kxc6 40. Qa8+ Kb5 41. Qd5+ Qc5 42. Qb3+ Ka5 0-1

[Event "Perényi Évadnyitó Open"]
[Site "Budapest"]
[Date "2017.01.12"]
[Round "7.10"]
[White "Szlabey, Geza"]
[Black "Mezei, Csaba"]
[Result "0-1"]
[WhiteElo "1965"]
[BlackElo "2073"]
[PlyCount "92"]
[EventDate "2017.01.05"]
[EventType "swiss"]
[EventRounds "9"]
[EventCountry "HUN"]

1. e4 c5 2. Nf3 d6 3. Bb5+ Nc6 4. Bxc6+ bxc6 5. O-O e6 6. d3 Be7 7. c3 Bf6 8.
Bd2 h6 9. Na3 Ne7 10. Qc2 O-O 11. Rfe1 Ng6 12. Nc4 Ba6 13. Ne3 Nf4 14. c4 h5
15. Nd1 Ng6 16. Be3 Bc8 17. Nc3 e5 18. a3 Bg4 19. Kh1 Bxf3 20. gxf3 Nf4 21. Ne2
g5 22. Rg1 Kh8 23. Ng3 h4 24. Nf5 Rg8 25. Nh6 Rf8 26. b4 cxb4 27. axb4 Qd7 28.
Rg4 d5 29. d4 exd4 30. e5 Bxe5 31. Bxf4 Bxf4 32. Nf5 dxc4 33. Ra5 d3 34. Qc3+
f6 35. Rxf4 d2 36. Ne3 d1=Q+ 37. Nxd1 Qxd1+ 38. Kg2 h3+ 39. Kxh3 Qf1+ 40. Kg4
gxf4 41. Rh5+ Kg7 42. Qd4 Qd3 43. Qxf4 c3 44. Qh6+ Kf7 45. Qf4 Qd7+ 46. Kh4 Rh8
0-1

[Event "Perényi Évadnyitó Open"]
[Site "Budapest"]
[Date "2017.01.13"]
[Round "8.1"]
[White "Aczel, Gergely"]
[Black "Havanecz, Bianka"]
[Result "1-0"]
[WhiteElo "2548"]
[BlackElo "2209"]
[PlyCount "83"]
[EventDate "2017.01.05"]
[EventType "swiss"]
[EventRounds "9"]
[EventCountry "HUN"]

1. d4 d5 2. c4 dxc4 3. e3 e5 4. Bxc4 exd4 5. exd4 Bd6 6. Nf3 Nf6 7. Qe2+ Qe7 8.
Qxe7+ Bxe7 9. O-O Nbd7 10. Nc3 c6 11. Bg5 Nb6 12. Bb3 Nfd5 13. Bxe7 Kxe7 14.
Rfe1+ Be6 15. Ne4 Nd7 16. Nfg5 h6 17. Nxe6 fxe6 18. Re2 Nf4 19. Re3 Nd5 20.
Bxd5 cxd5 21. Nc3 Kf6 22. Rae1 Nf8 23. Rf3+ Kg6 24. Nb5 a6 25. Nc7 Rc8 26. Nxe6
Nxe6 27. Rxe6+ Kh7 28. g3 Rc7 29. Rd6 Re8 30. b3 Re2 31. a4 Rd2 32. Rxd5 Re7
33. h4 Re4 34. Rd7 b5 35. axb5 axb5 36. Rff7 Rg4 37. Kg2 Rd3 38. f3 Rg6 39. b4
Rb3 40. h5 Rg5 41. g4 Rxb4 42. Rf8 1-0